Score 0/51 Timer 10:00
0 Plays Today
% Correct
Eve
98.3%
Abel
96.6%
Cain
95.8%
Sarah/Sarai
89.5%
Ham
87.4%
Shem
87%
Isaac
84.5%
Seth
84%
Japheth
80.7%
Ishmael
79%
Bathsheba
76.9%
Abigail
76.1%
Miriam
70.2%
Absalom
68.9%
Aaron
68.5%
Solomon
66.8%
Ruth
65.5%
Zipporah
58.4%
Jethro
56.7%
Keturah
55.9%
Michal
55.9%
Adonijah
55.5%
Orpah
54.6%
Haggith
53.8%
Amnon
53.4%
David
51.3%
% Correct
Abital
49.2%
Jesse
47.9%
Ishbak
46.6%
Midian
45.8%
Obed
45.8%
Nathan
45.4%
Medan
43.3%
Jochebed
42.9%
Eglah
42.4%
Zimran
41.2%
Mahlon
40.8%
Jokshan
40.3%
Maachah
40.3%
Shephatiah
38.7%
Gershom
38.2%
Shammua
37.4%
Elimelek
37.4%
Eliezer
36.6%
Kilion
36.6%
Amram
35.7%
Ithream
35.3%
Shobab
34.5%
Daniel
34%
Shuah
32.8%
Ahinoam
32.8%
Come Together.
Have Fun.
All Virtual.
We all need to come together. Play Sporcle's virtual live trivia to have fun, connect with people, and get your trivia on. Join a live hosted trivia game for your favorite pub trivia experience done virtually. If a virtual private party is more your thing, go here for details.

You're not logged in!

Compare scores with friends on all Sporcle quizzes.
OR
Log In

Sporcle TV

Today on Sporcle TV


Watch our educational content, quiz creation guides, and fun videos on Sporcle TV.

Show Comments

Extras

Top Quizzes Today


Score Distribution

Paid Content

Your Account Isn't Verified!

In order to create a playlist on Sporcle, you need to verify the email address you used during registration. Go to your Sporcle Settings to finish the process.

Report this User

Report this user for behavior that violates our Community Guidelines.

Details: